• AIU
  • Tony Wilmot Memorial Library

Cry justice: the Bible speaks on hunger and poverty / (Record no. 15578)

MARC details
000 -LEADER
fixed length control field 00623nam a22002051a 4500
005 - DATE AND TIME OF LATEST TRANSACTION
control field 20150303020003.0
008 - FIXED-LENGTH DATA ELEMENTS--GENERAL INFORMATION
fixed length control field 090715s1980 ilu 001 0 eng d
020 ## - INTERNATIONAL STANDARD BOOK NUMBER
International Standard Book Number 087784495X :
Terms of availability 0.00
040 ## - CATALOGING SOURCE
Original cataloging agency NEGST Library - Kenya
082 0# - DEWEY DECIMAL CLASSIFICATION NUMBER
Classification number BS 391.2.S56 1980
100 1# - MAIN ENTRY--PERSONAL NAME
Personal name Sider, Ronald.
245 10 - TITLE STATEMENT
Title Cry justice: the Bible speaks on hunger and poverty /
Statement of responsibility, etc edited by Ronald Sider.
260 ## - PUBLICATION, DISTRIBUTION, ETC. (IMPRINT)
Place of publication, distribution, etc Downer's Grove, Illinois :
Name of publisher, distributor, etc Inter-Varsity,
Date of publication, distribution, etc 1980.
300 ## - PHYSICAL DESCRIPTION
Extent 220 p.
500 ## - GENERAL NOTE
General note Includes index.
600 10 - SUBJECT ADDED ENTRY--PERSONAL NAME
Personal name Bible - Poverty.
600 10 - SUBJECT ADDED ENTRY--PERSONAL NAME
Personal name Poverty.
852 ## - LOCATION/CALL NUMBER
-- 22.95
942 00 - ADDED ENTRY ELEMENTS (KOHA)
Koha issues (borrowed), all copies 1
Holdings
Withdrawn status Lost status Source of classification or shelving scheme Damaged status Not for loan Collection code Home library Current library Shelving location Date acquired Cost, normal purchase price Total Checkouts Total Renewals Full call number Barcode Date last seen Date checked out Copy number Price effective from Koha item type
    Library of Congress Classification     General Circulation AIU/NEGST - Tony Wilmot Memorial Library AIU/NEGST - Tony Wilmot Memorial Library General Stacks 08/04/2009 22.95 9 3 BS 391.2 .S56 1980 R21100N3232 11/22/2023 11/20/2023 1 08/04/2009 Books